La pieza eslástica :síntesis de los métodos de la elasticidad
Uloženo v:
| Hlavní autor: | |
|---|---|
| Médium: | Kniha |
| Jazyk: | španělština |
| Vydáno: |
Madrid
Aguilar
1952
|
| Témata: | |
| Tagy: |
Přidat tag
Žádné tagy, Buďte první, kdo vytvoří štítek k tomuto záznamu!
|
MARC
| LEADER | 00000nam a2200000 a 4500 | ||
|---|---|---|---|
| 001 | UCV8385 | ||
| 003 | CL-VaPUC | ||
| 008 | 910509e19520000SP |||||||||||||||||spa|d | ||
| 082 | 0 | 4 | |a 620.11232 |b LOR |2 21 |
| 100 | |a Lorente de No, Carlos |e autor |9 528666 | ||
| 245 | 1 | 3 | |a La pieza eslástica :síntesis de los métodos de la elasticidad |
| 300 | |a xii, 273 p | ||
| 942 | |c BK | ||
| 945 | |d 19910509 00:00:00 | ||
| 260 | |a Madrid |b Aguilar |c 1952 | ||
| 650 | 7 | |a ELASTICIDAD |2 CL-VaPUC |9 266503 | |
| 583 | |a last modification |c 19910509 00:00:00 |k Rodrigo Vera | ||
| 999 | |c 329615 |d 329613 | ||
| 952 | |0 0 |1 0 |4 0 |6 620_112320000000000_LOR_1952 |7 0 |8 P |9 414544 |a BIBARQ |b BIBARQ |d 2019-11-22 |i 2645785 |o 620.11232 LOR 1952 |p 2645785 |r 2025-01-20 |w 2019-11-22 |y BK |k ARQ | ||